Çölde piknik / (Record no. 23515)

MARC details
000 -BAŞLIK
Sabit Uzunluktaki Kontrol Alanı 00585nam a22001817a 4500
003 - KONTROL NUMARASI KİMLİĞİ
Kontrol Alanı koha_MIRAKIL
005 - EN SON İŞLEM TARİHİ ve ZAMANI
Kontrol Alanı 20260417131247.0
008 - SABİT UZUNLUKTAKİ VERİ ÖGELERİ - GENEL BİLGİ
Sabit Alan 260417b tur||||| |||| 00| 0 tur d
020 ## - ISBN - ULUSLARARASI STANDART KİTAP NUMARASI
Isbn 9786256915510
040 ## - KATALOGLAMA KAYNAĞI
Özgün Kataloglama Kurumu TR-IsEVY
Kataloglama Dili tur
Çeviri Kurumu TR-IsEVY
082 ## - DEWEY ONU SINIFLAMA SİSTEMİ
Sınıflama Numarası FIC KOR/Ç
100 ## - KİŞİ ADI
Yazar Adı (Kişi adı) Korman, Huban
245 #0 - ESER ADI BİLDİRİMİ
Başlık Çölde piknik /
Sorumluluk Bildirimi Huban Korman.
260 ## - YAYIN, DAĞITIM, VB.
Yayın Yeri İstanbul :
Yayınevi Günışığı kitaplığı,
Yayın Tarihi 2025.
300 ## - FİZİKSEL TANIMLAMA
Sayfa, Cilt vb. 35 s. :
Diğer fiziki detaylar renkli resimli ;
Boyutları 23 cm.
650 ## - KONU BAŞLIĞI EK GİRİŞ - KONU TERİMİ
Konusal terim veya coğrafi ad Çocuk edebiyatı.
Alt başlık biçimi Resimli Kitaplar.
-- Temiz Enerji.
-- Petrol Rafinerisi.
-- Çevre Kirliliği.
942 ## - EK GİRİŞ ÖGELERİ (KOHA)
Source of classification or shelving scheme Dewey Decimal Classification
Koha item type Kitap
Holdings
Kayıp Durumu Sınıflandırma Kaynağı Hasarlı Durumu Koleksiyon Kodu Kalıcı Konum Mevcut Konum Kayıt Tarih Edinim Kaynağı Toplam Ödünçverme Yer Numarası Demirbaş Numarası Son Görülme Tarihi Fatura Tarihi Materyal Türü
  Dewey Decimal Classification   İlkokul İLKOKUL KÜTÜPHANESİ İLKOKUL KÜTÜPHANESİ 17/04/2026 Bağış   FIC KOR/Ç 25126 17/04/2026 17/04/2026 Kitap